Statistics for Real Madrid Scorers in Liga 2019-20

Click here to take the quiz!

General Stats

  • This quiz has been taken 140 times
  • The average score is 16 of 21

Answer Stats

PlayerGoals% Correct
Karim Benzema21
99%
Toni Kroos4
98%
Luka Modrić3
97%
Sergio Ramos11
95%
Casemiro4
92%
Marcelo1
88%
Gareth Bale2
87%
Raphaël Varane3
87%
Vinicius3
87%
Dani Carvajal1
84%
Marco Asensio3
82%
Rodrygo2
79%
Isco1
77%
Eden Hazard1
76%
Nacho1
67%
Ferland Mendy1
66%
Mariano1
65%
Lucas Vázquez2
63%
Federico Valverde2
59%
Luka Jović2
46%
James Rodríguez1
28%

Score Distribution

Percentile by Number Answered

Percent of People with Each Score

Your Score History

You have not taken this quiz